000
00266 a2200109 4500
000
nam a22 7a 4500
020
_a
9781032599281
100
_a
Turjman,Fadi AL
_9
93
245
_a
Drones in IOT Enabled spaces ( smart city 5G)
260
_b
CRC
_c
2019
264
_b
CRC
999
_c
35979
_d
35979